000 00779nam a22002297a 4500
005 20250820162341.0
008 250820b |||||||| |||| 00| 0 eng d
037 _cTB
040 _aCRL
_cCRL
041 _2eng
_aeng
_htel
084 _aO35,3NAZ,AS 152R3
_qCRL
100 _aAziz, S. D. V.
_9818256
245 _aAluri satyanarayana Raju:
_bFreedom movement novel
260 _aAnadra Pradesh, India:
_bS. Abdul Aziz,
_c2023.
300 _a661p.
365 _b500.00
_cINR
650 _aTelegu Fiction
_9818257
650 _aTelegu Literature
_9815224
700 _aNirmala, Paaranandi
_etranslator.
_9818258
942 _2CC
_cTB
_hO35,3NAZ,AS 152R3
_n0
999 _c1434814
_d1434814